000 00950cam a2200229 4500
008 000000n2001 000 0 eng u
020 _a0727729659
035 _a(Sirsi) u110895
050 _a692.8094
100 _aScott, Bob
110 _aEuropean Construction Institute
_93313
245 _aPartnering in Europe : incentive based alliancing for projects.
260 _aLondon
_bThomas Telford
_c2001
300 _axviii,137p. ; 30cm.
350 _a45.00
520 _aA practical guide to project-specific partnering, or alliancing, with a financial incentive scheme directly linking rewards of all alliance members to the overall outcome of the project. Concentrates on engineering construction projects for private-sector clients but would be of interest to a wider audience.
650 _aALLIANCING
650 _aCONSTRUCTION INDUSTRY
650 _aPROJECT INTENTS
690 _aBUILDING AND CONSTRUCTION-PROJECTS
942 _n0
999 _c101156
_d101156